Tres tocatas [Música impresa] / Pablo Nassarre ; transcripción y realización, José Ma. Llorens
Descripción Física:
35 p. : amb pauta musical ; 32 cm
Otros Autores:
Llorens, José Ma. (José María), 1923-2019
Materias:
Tocates (Orgue)
MARC
| LEADER | 00000nam a2200000Ia 4500 | ||
|---|---|---|---|
| 001 | 10095 | ||
| 003 | BGR | ||
| 005 | 20260324175325.0 | ||
| 008 | 160829s1974 xx 000 0 cat d | ||
| 080 | |a FU-25-12 | ||
| 100 | |a Nassarre, Pablo |9 26917 | ||
| 245 | |a Tres tocatas [Música impresa] / Pablo Nassarre ; transcripción y realización, José Ma. Llorens | ||
| 260 | |a Barcelona : |b Diputación Provincial de Barcelona. Biblioteca de Cataluña, |c 1974 | ||
| 300 | |a 35 p. : |b amb pauta musical ; |c 32 cm | ||
| 490 | |a Colección Higini Anglès. Cuadernos de música antigua española ; 4 | ||
| 590 | |a Trancripció del ms. M 1011 de la Biblioteca de Catalunya | ||
| 650 | |a Tocates (Orgue) |9 26918 | ||
| 700 | 1 | |a Llorens, José Ma. |q (José María), |d 1923-2019 |e editor |9 26920 | |
| 710 | 1 | |a Biblioteca de Catalunya |9 52741 |b Secció de Música | |
| 901 | |a Arxiu | ||
| 942 | |n 1 |2 udc |c MON | ||
| 952 | |0 0 |1 0 |4 0 |6 FU2512 |7 1 |9 44206 |a Arxiu |b Arxiu |d 2016-12-01 |l 0 |o FU-25-12 |p 10095 |r 2016-12-01 00:00:00 |w 2016-12-01 |y ARXIU | ||
| 999 | |c 46786 |d 46786 | ||